Big U.S. Cities Closest to Dallas - Statistics

General Stats
  • This quiz has been taken 90 times
  • The average score is 6 of 10
Answer Stats
Distance Population U.S. City % Correct
225 7,066,141 Houston
100%
182 2,227,083 Austin
97%
252.1 2,550,960 San Antonio
92%
190.5 1,408,950 Oklahoma City
91%
238.1 998,626 Tulsa
80%
293.9 742,384 Little Rock
68%
178.8 394,706 Shreveport
45%
245.4 392,563 Beaumont
21%
272.6 534,904 Fayetteville
14%
120.1 460,303 Killeen-Temple
11%
No matching quizzes found
Score Distribution
Percent of People with Each Score
Percentile by Number Answered
Your Score History
You have not taken this quiz